00499nam a22001577a 450000500170000000800410001702000150005804100130007308200150008610000370010124500800013825000190021826000470023730000320028465000250031620231026084704.0231026b |||||||| |||| 00| 0 eng d a0702118966 aEnglish  a346.7 WIL  aScott, TJ and Scott, SlEnglish  aWille's Law of Mortgage and Pledge in South Africa /cTJ Scott and S Scott  aThird Edition  aCape Town : bJuta and Company Ltd, c1987 blvi, 283 pages ; c26,3 cm. aLegal practice bLaw